000
00292nam a22001337a 4500
008
211012b ||||| |||| 00| 0 eng d
041
_a
eng
080
_2
11th
_a
611
082
_2
_a
611
100
_a
7
101
_a
ANA
245
_a
Physiology of Behavior
_c
Carlson,N.R
942
_2
udc
_c
BK
999
_c
58191
_d
58191